000 00215nam a2200097Ia 4500
005 20251222175817.0
008 251222s9999||||xx |||||||||||||| ||spa||
082 _aDVD0150/C24/2009
245 0 _aBakhita:
942 _cDVD
999 _c40336
_d40336